000 00969nam a2200289 a 4500
001 7602
003 BD-RjUL
005 20211208234438.0
008 170504r19651960nju 001 0 eng d
035 _a(BD-RjUL)7646
040 _aDLC/ICU
_cICU
_dDLC
_dBD-RjUL
_beng
041 _aeng
082 0 0 _223
_a512
_bZAC 1965
100 1 _aZariski, Oscar,
_d1899-1986.
_923718
245 1 0 _aCommutative algebra /
_cOscar Zariski and Pierre Samuel, with the cooperation of I.S. Cohen.
260 _aPrinceton, N.J. :
_bVan Nostrand ,
_cc1958 [Reprinted 1965].
300 _av. ;
_c23 cm.
500 _aIncludes index.
505 0 _aVol. 1 -- Vol. 2 --
650 0 _aAlgebra
_920437
650 0 _aCommutative algebra.
_9207580
700 1 _aSamuel, Pierre,
_d1921-
_ejoint author.
_923720
700 1 _aCohen, I.S.
_9206370
830 _aThe University series in higher mathematics
_9211551
942 _2ddc
_cBK
999 _c7602
_d7602